Music Quiz

Random Music or Artist Quiz

Now That's What I Call Music 74 Quiz Stats

Quiz not verified by Sporcle

Challenge
Share
Tweet
Embed
Score 0/45 Timer 10:00
0 Plays Today
Artist/Group Song % Correct
Jay Sean feat. Lil WayneDown
73.5%
David Guetta feat. AkonSexy Chick
70.9%
Cheryl ColeFight For This Love
65.2%
The Black Eyed PeasI Gotta Feeling
60%
ShakiraShe Wolf
59.6%
Taio CruzBreak Your Heart
56.5%
JLSBeat Again
54.3%
BeyonceSweet Dreams
52.2%
Sean KingstonFire Burning
51.3%
Pixie LottBoys And Girls
50%
La RouxBulletproof
49.1%
Michael BubleHaven't Met You Yet
48.7%
Jason DeruloWhatcha Say
47%
Robbie WilliamsBodies
46.1%
Dizzee RascalHoliday
45.2%
SugababesGet Sexy
42.6%
Jay-Z feat.Rihanna & Kanye WestRun This Town
41.3%
Lily Allen22
40.4%
Pitbull feat. Nicole ScherzingerHotel Room Service
39.1%
N-DubzI Need You
38.7%
Chipmunk feat. Dayo OlatunjiOopsy Daisy
37.4%
Little BootsRemedy
36.5%
Lady GagaPaparazzi
33.9%
Artist/Group Song % Correct
Muse Uprising
33.5%
Whitney HoustonMillion Dollar Bill
32.2%
MIKAWe Are Golden
29.6%
The SaturdaysForever Is Over
28.7%
Mr Hudson feat. Kanye WestSupernova
28.7%
Tinchy Stryder feat. AmelleNever Leave You
28.3%
Calvin HarrisReady For The Weekend
27.4%
Florence + The MachineYou've Got The Love
26.5%
The Temper TrapSweet Disposition
25.7%
Cobra Starship feat. Leighton MeesterGood Girls Go Bad
25.7%
Mini VivaLeft My Heart In Tokyo
24.8%
Alesha DixonTo Love Again
24.3%
Young Soul RebelsI Got Soul
22.2%
Paolo NutiniPencil Full Of Lead
21.7%
Mumford & SonsLittle Lion Man
21.3%
The Ian Carey ProjectGet Shaky
20.9%
AgnesI Need You Now
20.4%
Just JackThe Day I Died
20.4%
Chase & Status feat. Plan BEnd Credits
19.1%
Esmee DentersOutta Here
18.3%
Snow PatrolJust Say Yes
17.4%
deadmau5 feat. Rob SwireGhosts 'n' Stuff
15.7%

You're not logged in!

Compare scores with friends on all Sporcle quizzes.
Join for Free
OR
Log In

You Might Also Like...

Show Comments

Extras

Top Quizzes Today


Score Distribution

Your Account Isn't Verified!

In order to create a playlist on Sporcle, you need to verify the email address you used during registration. Go to your Sporcle Settings to finish the process.

Report this User

Report this user for behavior that violates our Community Guidelines.

Details: